Countries with KFC - Statistics

General Stats
  • This quiz has been taken 716 times
    702 since last reset
  • The average score is 114 of 137
Answers on the Map
Answers color-coded by a green-red scale on the quiz's map according to % correct below.
 
Answer Stats
Country % Correct
United States
99%
Canada
98%
Mexico
96%
Brazil
95%
United Kingdom
95%
France
94%
Spain
94%
Argentina
93%
China
93%
Italy
93%
Portugal
93%
Australia
92%
Chile
92%
Germany
92%
Iceland
92%
India
92%
Ireland
92%
Japan
92%
Peru
92%
Sweden
92%
Colombia
91%
Denmark
91%
Bolivia
90%
Egypt
90%
Finland
90%
Paraguay
90%
South Korea
90%
Turkey
90%
Venezuela
90%
Belgium
89%
Ecuador
89%
Greece
89%
Netherlands
89%
New Zealand
89%
Poland
89%
Saudi Arabia
89%
Ukraine
89%
Uruguay
89%
Cuba
88%
Indonesia
88%
Morocco
88%
Panama
88%
South Africa
88%
Switzerland
88%
Austria
87%
Dominican Republic
87%
Iraq
87%
Israel
87%
Pakistan
87%
Philippines
87%
Romania
87%
Vietnam
87%
Costa Rica
86%
Czech Republic
86%
Honduras
86%
Thailand
86%
United Arab Emirates
86%
Bahamas
85%
Croatia
85%
Guatemala
85%
Hungary
85%
Latvia
85%
Slovakia
85%
Albania
84%
Bangladesh
84%
Belarus
84%
Bulgaria
84%
Cambodia
84%
Estonia
84%
Guyana
84%
Kazakhstan
84%
Lithuania
84%
Malaysia
84%
Nepal
84%
Nigeria
84%
Oman
84%
Serbia
84%
Suriname
84%
Bosnia and Herzegovina
83%
El Salvador
83%
Jordan
83%
Madagascar
83%
Qatar
83%
Yemen
83%
Jamaica
82%
Kenya
82%
Libya
82%
Mongolia
82%
Myanmar
82%
North Macedonia
82%
Tunisia
82%
Moldova
81%
Sri Lanka
81%
Sudan
81%
Azerbaijan
79%
Georgia
79%
Kosovo
79%
Luxembourg
79%
Taiwan
79%
Tanzania
79%
Uzbekistan
79%
Zimbabwe
79%
Angola
78%
Armenia
78%
Kuwait
78%
Montenegro
78%
Zambia
78%
Botswana
77%
Cyprus
77%
Dominica
77%
Ghana
77%
Namibia
77%
Lebanon
76%
Malta
76%
Tajikistan
76%
Bahrain
75%
Kyrgyzstan
75%
Mozambique
75%
Saint Kitts and Nevis
75%
Singapore
75%
Trinidad and Tobago
75%
Uganda
74%
Barbados
73%
Senegal
73%
St Lucia
73%
Rwanda
72%
St Vincent and the Grenadines
72%
Maldives
71%
Antigua and Barbuda
70%
Lesotho
70%
Ivory Coast
69%
Malawi
69%
Gabon
68%
Grenada
68%
Mauritius
68%
Eswatini
67%
Brunei
59%
No matching quizzes found
Score Distribution
Percent of People with Each Score
Percentile by Number Answered
Your Score History
You have not taken this quiz since the last reset